Giáo dục sinh lý trẻ em

Αποθηκεύτηκε σε:
Λεπτομέρειες βιβλιογραφικής εγγραφής
Κύριος συγγραφέας: Thiên Giang
Μορφή: Βιβλίο
Γλώσσα:Undetermined
Έκδοση: Tp. HCM Trẻ 2002
Θέματα:
Ετικέτες: Προσθήκη ετικέτας
Δεν υπάρχουν, Καταχωρήστε ετικέτα πρώτοι!
Thư viện lưu trữ: Trung tâm Học liệu Trường Đại học Cần Thơ
LEADER 00515nam a2200193Ia 4500
001 CTU_54174
008 210402s9999 xx 000 0 und d
020 |b 14000 
082 |a 649.6 
082 |b Th305 
100 |a Thiên Giang 
245 0 |a Giáo dục sinh lý trẻ em 
245 0 |c Thiên Giang và Trần Kim Bảng 
260 |a Tp. HCM 
260 |b Trẻ 
260 |c 2002 
650 |a child rearing,children 
650 |x education 
980 |a Trung tâm Học liệu Trường Đại học Cần Thơ